000 01468nam a2200373 a 4500
001 ebr10223381
003 CaPaEBR
006 m u
007 cr cn|||||||||
008 081029s2008 gw sb 001 0 eng d
010 _z 2007942545
020 _z9783540775614
020 _z9783540775621 (e-ISBN)
040 _aCaPaEBR
_cCaPaEBR
035 _a(OCoLC)233973813
050 1 4 _aQA808.2
_b.T37 2008eb
100 1 _aTartar, Luc.
245 1 0 _aFrom hyperbolic systems to kinetic theory
_h[electronic resource] :
_ba personalized quest /
_cLuc Tartar.
260 _aBerlin :
_bSpringer,
_c2008.
300 _axxvii, 279 p.
490 1 _aLecture notes of the Unione Matematica Italiana,
_x1862-9113 ;
_v6
500 _a"ISSN electronic edition 1862-9121."
504 _aIncludes bibliographical references and index.
533 _aElectronic reproduction.
_bPalo Alto, Calif. :
_cebrary,
_d2011.
_nAvailable via World Wide Web.
_nAccess may be limited to ebrary affiliated libraries.
650 0 _aContinuum mechanics.
650 0 _aDifferential equations, Hyperbolic.
650 0 _aKinetic theory of gases.
650 0 _aDynamics.
650 0 _aMathematical physics.
655 7 _aElectronic books.
_2local
710 2 _aebrary, Inc.
830 0 _aLecture notes of the Unione Matematica Italiana ;
_v6.
856 4 0 _uhttp://site.ebrary.com/lib/rucke/Doc?id=10223381
_zAn electronic book accessible through the World Wide Web; click to view
999 _c132113
_d132113